Medidas de confianza mutua en América Latina /

Las nuevas características de los escenarios regional y global, con el paso de la Guerra Fría a la distensión y las consecuencias que de ella derivan, crean condiciones favorables para impulsar el fortalecimiento de la confianza entre los diferentes Estados. En América Latina, la existencia de una s...

Descripció completa

Guardat en:
Dades bibliogràfiques
Autor principal: Caro, Isaac
Format: Text
Matèries:
Etiquetes: Afegir etiqueta
Sense etiquetes, Sigues el primer a etiquetar aquest registre!

MARC

LEADER 00000 a a2200000 04500
001 10477
003
040
100 |a Caro, Isaac  
245 |a Medidas de confianza mutua en América Latina /  |c Isaac Caro 
520 |a Las nuevas características de los escenarios regional y global, con el paso de la Guerra Fría a la distensión y las consecuencias que de ella derivan, crean condiciones favorables para impulsar el fortalecimiento de la confianza entre los diferentes Estados. En América Latina, la existencia de una serie de tratados y declaraciones sobre control de armas y desarme puede considerarse como el punto de partida para el establecimiento de medidas de confianza recíproca, destinadas a solucionar asuntos limítrofes pendientes, limitar la adquisición de armas y los presupuestos militares, iniciar y acelerar procesos de integración económica y política. REV//jmml  
650 |a ONU  
650 |a FUERZAS ARMADAS  
650 |a INTEGRACION REGIONAL  
650 |a POLITICA  
650 |a ACUERDOS INTERNACIONALES  
773 |g número 132; páginas 44-51  
999 |c 33534  |d 33534